MARC details
| 000 -LEADER |
| fixed length control field |
02044cam a22004095a 4500 |
| 001 - CONTROL NUMBER |
| control field |
L142405 |
| 008 - FIXED-LENGTH DATA ELEMENTS--GENERAL INFORMATION |
| fixed length control field |
080212s2008 xxk f 000 0 eng d |
| 020 ## - INTERNATIONAL STANDARD BOOK NUMBER |
| International Standard Book Number |
9781842193501 |
| 035 ## - SYSTEM CONTROL NUMBER |
| System control number |
(Sirsi) u142405 |
| 041 0# - LANGUAGE CODE |
| Language code of text/sound track or separate title |
eng |
| 050 04 - LIBRARY OF CONGRESS CALL NUMBER |
| Classification number |
690.2 $2 18 |
| 110 2# - MAIN ENTRY--CORPORATE NAME |
| Corporate name or jurisdiction name as entry element |
Watts Group Plc |
| 9 (RLIN) |
5510 |
| 245 00 - TITLE STATEMENT |
| Title |
Watts pocket handbook |
| Remainder of title |
2008 |
| 250 ## - EDITION STATEMENT |
| Edition statement |
24th ed. |
| 260 ## - PUBLICATION, DISTRIBUTION, ETC. |
| Place of publication, distribution, etc. |
London |
| Name of publisher, distributor, etc. |
RICS Books |
| Date of publication, distribution, etc. |
2008 |
| 300 ## - PHYSICAL DESCRIPTION |
| Extent |
viii, 440p. |
| Dimensions |
18cm. |
| 505 2# - FORMATTED CONTENTS NOTE |
| Formatted contents note |
Property investment and ownership -- Development and procurement -- Cost management -- Legislation -- Design -- Materials and defects -- Sustainability -- Maintenance management -- APC student help -- Technical resources -- Index -- Watts Group directory |
| 520 ## - SUMMARY, ETC. |
| Summary, etc. |
2008 edition of this annual publication providing legal and technical advice and guidance for those working in property and construction. New content in this edition includes: a basic introduction to structures; Building Regulations and conservation of historic buildings; code for sustainable homes; contractor appointment and tendering; electromagnetic fields; geomatics; green legislation; appointment of consultants, 2007 construction costs; tendering routes; value engineering; Official Journal of the European Union. |
| 520 ## - SUMMARY, ETC. |
| Summary, etc. |
Superseded by 25th edition (ISBN 9781842194188). |
| 521 ## - TARGET AUDIENCE NOTE |
| Target audience note |
Advanced |
| 590 ## - LOCAL NOTE (RLIN) |
| Local note |
KA |
| 650 24 - SUBJECT ADDED ENTRY--TOPICAL TERM |
| Topical term or geographic name entry element |
BUILDING ACT 1984 |
| 650 24 - SUBJECT ADDED ENTRY--TOPICAL TERM |
| Topical term or geographic name entry element |
REGULATORY REFORM (FIRE SAFETY) ORDER 2005 |
| 650 24 - SUBJECT ADDED ENTRY--TOPICAL TERM |
| Topical term or geographic name entry element |
DISABILITY DISCRIMINATION ACT 2005 |
| 650 24 - SUBJECT ADDED ENTRY--TOPICAL TERM |
| Topical term or geographic name entry element |
WORKPLACE REGULATIONS |
| 650 24 - SUBJECT ADDED ENTRY--TOPICAL TERM |
| Topical term or geographic name entry element |
WORK AT HEIGHT REGULATIONS 2005 |
| 650 24 - SUBJECT ADDED ENTRY--TOPICAL TERM |
| Topical term or geographic name entry element |
BUILDING (AMENDMENT) REGULATIONS 2004 |
| 650 24 - SUBJECT ADDED ENTRY--TOPICAL TERM |
| Topical term or geographic name entry element |
CONSTRUCTION (HEALTH, SAFETY AND WELFARE) REGULATIONS 1996 |
| 650 24 - SUBJECT ADDED ENTRY--TOPICAL TERM |
| Topical term or geographic name entry element |
CONSTRUCTION (DESIGN AND MANAGEMENT) REGULATIONS 2007 |
| 650 24 - SUBJECT ADDED ENTRY--TOPICAL TERM |
| Topical term or geographic name entry element |
LATENT DAMAGE ACT 1986 |
| 650 24 - SUBJECT ADDED ENTRY--TOPICAL TERM |
| Topical term or geographic name entry element |
HOUSING GRANTS, CONSTRUCTION AND REGENERATION ACT 1996 PART II |
| 650 24 - SUBJECT ADDED ENTRY--TOPICAL TERM |
| Topical term or geographic name entry element |
LANDLORD AND TENANT ACT 1927 S18(1) |
| 651 #4 - SUBJECT ADDED ENTRY--GEOGRAPHIC NAME |
| Geographic name |
United Kingdom |
| Chronological subdivision |
|
| 690 ## - LOCAL SUBJECT ADDED ENTRY--TOPICAL TERM (OCLC, RLIN) |
| Topical term or geographic name as entry element |
BUILT ENVIRONMENT |
| 942 ## - ADDED ENTRY ELEMENTS (KOHA) |
| Suppress in OPAC |
0 |